| 000 | 00521cam a2200193ua 4500 | ||
|---|---|---|---|
| 001 | 1934 | ||
| 005 | 20260515113426.0 | ||
| 008 | 110811n ii |||gr||||Z||||||eng | ||
| 040 | _cMAIN | ||
| 082 | _a371.26 | ||
| 100 |
_aPatel, Rambhai N., _eAuthor. |
||
| 245 | 1 |
_aEducational evaluation : _btheory and practice / _cby Rambhai N. Patel |
|
| 250 | _a3rd. | ||
| 260 |
_aBombay: _bHimalaya publishing house,989. |
||
| 300 |
_a vii; 304p: _c23cm. |
||
| 653 | _aEducation | ||
| 653 | _aEducational education | ||
| 942 | _cBK | ||
| 999 |
_c1808 _d1808 |
||